| 000 | 00528nam a2200181Ia 4500 | ||
|---|---|---|---|
| 008 | 240729s9999 xx 000 0 und d | ||
| 022 | _a2469-9322 | ||
| 245 | 0 | _aComputer Assisted Surgery | |
| 260 | _aUnited Kingdom | ||
| 260 | _bTaylor & Francis Group | ||
| 650 | _a Computer applications to medicine. Medical informatics | Medicine | ||
| 650 | _a Medicine (General) | ||
| 650 | _a Surgery | ||
| 650 | _aMedicine | ||
| 856 | _uhttps://doaj.org/toc/22e7dc5c85b645eaa45a5b57fab9cd32 | ||
| 942 | _2ddc | ||
| 942 | _cDOAJEJ | ||
| 999 |
_c69094 _d69094 |
||
| 945 |
_a1 _bMadushi Gamage _c1 _dMadushi Gamage |
||